[Event "4NCL Division 4 South"]
[Site "Daventry, ENG"]
[Date "2018.11.18"]
[Round "2.134"]
[White "Kilcline, Jenny"]
[Black "Shearsby, Jude"]
[Result "1/2-1/2"]
[WhiteElo "1573"]
[BlackElo "1420"]
[PlyCount "98"]
[EventDate "2018.11.18"]
[WhiteTeam "Rook & Roll"]
[BlackTeam "Chesstivus"]

1. e4 Nc6 2. d4 d5 3. e5 Bf5 4. Ne2 e6 5. Ng3 Nge7 6. Be3 Bg6 7. c3 Nf5 8. Nxf5
Bxf5 9. h4 h6 10. Qb3 a6 11. Nd2 Be7 12. g3 f6 13. f4 fxe5 14. fxe5 O-O 15. Be2
Bh7 16. Bg4 Bf5 17. Qd1 Qe8 18. Bxf5 Rxf5 19. g4 Rf8 20. Qe2 Qd8 21. Bf2 b5 22.
b3 b4 23. c4 Rf4 24. g5 hxg5 25. hxg5 Bxg5 26. Qh5 Rf5 27. Qh8+ Kf7 28. Qh5+
Ke7 29. Qe2 Qf8 30. cxd5 exd5 31. Rc1 Qe8 32. Rh7 Qg6 33. Rh1 Raf8 34. Bg3
Bxd2+ 35. Kxd2 Qxg3 36. Rhg1 Qf4+ 37. Ke1 Qxc1+ 38. Qd1 Qxd1+ 39. Kxd1 Rf1+ 40.
Rxf1 Rxf1+ 41. Ke2 Ra1 42. Ke3 Rxa2 43. Kf4 Nxd4 44. Ke3 Nxb3 45. Kd3 Ke6 46.
Ke3 d4+ 47. Kd3 Kxe5 48. Kc4 Na5+ 49. Kd3 Kd5 1/2-1/2

[Event "4NCL Division 4 South"]
[Site "Daventry, ENG"]
[Date "2018.11.18"]
[Round "2.135"]
[White "Ellis, Bryan Timothy"]
[Black "Sheikh, Samia Zannat"]
[Result "0-1"]
[WhiteElo "1271"]
[BlackElo "1522"]
[PlyCount "132"]
[EventDate "2018.11.18"]
[WhiteTeam "Chesstivus"]
[BlackTeam "Rook & Roll"]

1. d4 Nf6 2. Nf3 g6 3. e3 Bg7 4. Bd3 d6 5. O-O O-O 6. Qe2 Bg4 7. b3 e5 8. Nbd2
Re8 9. h3 Bxf3 10. Qxf3 c6 11. dxe5 dxe5 12. e4 Nbd7 13. Qe3 Qc7 14. f4 exf4
15. Rxf4 Nd5 16. Qf2 Nxf4 17. Rb1 Nxd3 18. cxd3 Ne5 19. Qg3 Qd7 20. Bb2 Nxd3
21. Bxg7 Kxg7 22. Qe3 Rad8 23. Nf3 Ne5 24. Qc3 f6 25. Ne1 Qd4+ 26. Qxd4 Rxd4
27. Nc2 Rxe4 28. Rd1 Re2 29. Nb4 a5 30. Kf1 Rb2 31. Nd3 Nxd3 32. Rxd3 Re7 33.
a4 b5 34. Rc3 Re6 35. Rd3 bxa4 36. bxa4 Rb4 37. Ra3 Ree4 38. Rc3 Rec4 39. Rd3
Rxa4 40. Ke2 Re4+ 41. Kf3 Re7 42. Rc3 Rc7 43. Ke3 c5 44. Kd3 c4+ 45. Kd4 Rd7+
46. Kc5 Rd3 47. Rxc4 Rxc4+ 48. Kxc4 Rd2 49. g4 a4 50. Kb4 a3 51. Kxa3 Rd3+ 52.
Kb2 Rxh3 53. Kc2 f5 54. gxf5 gxf5 55. Kd2 f4 56. Ke2 Re3+ 57. Kf2 h5 58. Kg2
Ra3 59. Kf2 h4 60. Kg2 Kg6 61. Kf2 h3 62. Kg1 f3 63. Kf1 h2 64. Ke1 h1=Q+ 65.
Kd2 Qg2+ 66. Kc1 Ra1# 0-1

[Event "4NCL Division 4 South"]
[Site "Daventry, ENG"]
[Date "2018.11.18"]
[Round "2.141"]
[White "Ogunshola, Ben"]
[Black "Sreeram, Yashasvini"]
[Result "1-0"]
[WhiteElo "2169"]
[BlackElo "1547"]
[PlyCount "113"]
[EventDate "2018.11.18"]
[WhiteTeam "The Pitstop"]
[BlackTeam "Crowthorne 2"]

1. c4 c5 2. Nc3 e6 3. Nf3 Nf6 4. g3 Nc6 5. Bg2 Be7 6. O-O O-O 7. b3 Rb8 8. d4
b6 9. Bf4 d6 10. d5 exd5 11. Nxd5 Nxd5 12. Qxd5 Bb7 13. Qd2 h6 14. Rad1 Re8 15.
Rfe1 g5 16. Bxd6 Qxd6 17. Qxd6 Bxd6 18. Rxd6 Kg7 19. e3 Nb4 20. Rd2 Rbd8 21.
Red1 Rxd2 22. Rxd2 Be4 23. Ne1 Bxg2 24. Kxg2 Kf6 25. Kf3 h5 26. h4 gxh4 27.
gxh4 Nc6 28. Ke2 Nd4+ 29. Kf1 Nf5 30. Nf3 Re4 31. Rd7 Nxh4 32. Nxh4 Rxh4 33.
Rxa7 Re4 34. Rd7 h4 35. Kg2 Kg7 36. Rd6 f6 37. Rxb6 Kg6 38. Kh3 Kg5 39. Rd6 f5
40. Rd5 Rg4 41. Rxc5 Rg1 42. Rd5 Rh1+ 43. Kg2 Rc1 44. e4 Kg4 45. Rxf5 h3+ 46.
Kh2 Re1 47. Rf8 Re2 48. c5 Rxe4 49. f3+ Kg5 50. fxe4 Kg6 51. c6 Kg7 52. Rf5 Kg8
53. c7 Kg7 54. c8=Q Kh6 55. Qe6+ Kh7 56. Rf7+ Kg8 57. Qe8# 1-0

[Event "4NCL Division 4 South"]
[Site "Daventry, ENG"]
[Date "2018.11.18"]
[Round "2.142"]
[White "Haslehurst, Harriet"]
[Black "Froom, Oliver"]
[Result "0-1"]
[WhiteElo "1457"]
[BlackElo "1958"]
[PlyCount "84"]
[EventDate "2018.11.18"]
[WhiteTeam "Crowthorne 2"]
[BlackTeam "The Pitstop"]

1. d4 Nf6 2. Nf3 e6 3. g3 d5 4. Bg2 Be7 5. c4 O-O 6. c5 b6 7. b4 a5 8. Bd2 axb4
9. Bxb4 Na6 10. Qb3 Nxb4 11. Qxb4 bxc5 12. dxc5 Ne4 13. O-O Bxc5 14. Qb2 Ba6
15. Nc3 Qf6 16. Rac1 Bc4 17. Rc2 Nxc3 18. Qxc3 Qxc3 19. Rxc3 Rxa2 20. Rfc1 Bb4
21. R3c2 Rxc2 22. Rxc2 Ra8 23. Bf1 f6 24. Nd2 Bxd2 25. Rxd2 Ra2 26. Rxa2 Bxa2
27. e3 Bb1 28. f4 e5 29. Kf2 Kf7 30. Bg2 Ke6 31. Bh3+ Kd6 32. Ke2 Be4 33. Kd2
c5 34. Bf1 c4 35. Kc3 Kc5 36. Be2 d4+ 37. exd4+ exd4+ 38. Kd2 c3+ 39. Kc1 d3
40. Bf1 Kd4 41. Kd1 Ke3 42. Bxd3 Bxd3 0-1

[Event "4NCL Division 4 South"]
[Site "Daventry, ENG"]
[Date "2018.11.18"]
[Round "2.143"]
[White "Carter, John P"]
[Black "Shek, Daniel"]
[Result "1-0"]
[WhiteElo "1877"]
[BlackElo "1361"]
[PlyCount "67"]
[EventDate "2018.11.18"]
[WhiteTeam "The Pitstop"]
[BlackTeam "Crowthorne 2"]

1. e4 c5 2. Nf3 Nc6 3. Bb5 Nd4 4. Nxd4 cxd4 5. O-O a6 6. Bc4 b5 7. Bb3 Bb7 8.
d3 d6 9. Bg5 d5 10. Qf3 f6 11. Bh4 dxe4 12. dxe4 e5 13. c3 Bc5 14. Bxg8 Rxg8
15. Qh5+ Kf8 16. Qxh7 d3 17. Nd2 b4 18. cxb4 Bxb4 19. Nc4 Qd4 20. Bxf6 Qxc4 21.
Bxe5 Bxe4 22. Qh4 Bd5 23. Qg5 Qe4 24. Bc3 Bxc3 25. bxc3 d2 26. f3 Qd3 27. Rfd1
Rc8 28. Rxd2 Qxc3 29. Qf4+ Ke7 30. Re1+ Be6 31. Qd6+ Kf6 32. Qxe6+ Kg5 33. Rd5+
Kf4 34. Qg4# 1-0

[Event "4NCL Division 4 South"]
[Site "Daventry, ENG"]
[Date "2018.11.18"]
[Round "2.144"]
[White "Love, Steve"]
[Black "Olufemi, George"]
[Result "0-1"]
[WhiteElo "1000"]
[BlackElo "1766"]
[PlyCount "68"]
[EventDate "2018.11.18"]
[WhiteTeam "Crowthorne 2"]
[BlackTeam "The Pitstop"]

1. e4 g6 2. d3 Bg7 3. c3 c5 4. Nf3 Nc6 5. Be3 d6 6. Be2 Nf6 7. O-O Ng4 8. Nbd2
Nxe3 9. fxe3 Bh6 10. Nc4 b5 11. Nfd2 bxc4 12. Nxc4 O-O 13. Qa4 Bd7 14. Qd1 Na5
15. Bg4 Nxc4 16. dxc4 Bxe3+ 17. Kh1 Qc8 18. Bxd7 Qxd7 19. Qd3 Bh6 20. b4 Qe6
21. bxc5 dxc5 22. a4 Rfd8 23. Qh3 Qxh3 24. gxh3 Bg7 25. Rac1 Rab8 26. a5 Be5
27. h4 Rd2 28. Rfd1 Rxh2+ 29. Kg1 Rbb2 30. Rd8+ Kg7 31. Rd3 Rxh4 32. Rd5 Rxe4
33. Kf1 Bh2 34. Re1 Rf4# 0-1

[Event "4NCL Division 4 South"]
[Site "Daventry, ENG"]
[Date "2018.11.18"]
[Round "2.151"]
[White "Angelopoulos, Nicos"]
[Black "Bourne, Johnathan D"]
[Result "0-1"]
[WhiteElo "1570"]
[BlackElo "1903"]
[PlyCount "52"]
[EventDate "2018.11.18"]
[WhiteTeam "Barnet Knights 3"]
[BlackTeam "Check Innmates 3"]

1. e4 e5 2. Nf3 Nc6 3. Bc4 Nf6 4. Ng5 d5 5. exd5 Nd4 6. c3 b5 7. Bb3 Nxb3 8.
Qxb3 Qxd5 9. Qxd5 Nxd5 10. d3 h6 11. Nf3 Bd6 12. c4 Nb4 13. Kd2 bxc4 14. dxc4
Bf5 15. Na3 O-O-O 16. Kc3 a5 17. Be3 e4 18. c5 exf3 19. cxd6 Rxd6 20. gxf3 Rhd8
21. b3 Nd5+ 22. Kd4 Nxe3+ 23. Kxe3 g5 24. Ke2 Re8+ 25. Kf1 Bh3+ 26. Kg1 Red8
0-1

[Event "4NCL Division 4 South"]
[Site "Daventry, ENG"]
[Date "2018.11.18"]
[Round "2.152"]
[White "Usharovsky, Ron"]
[Black "Angelopoulos, Andreas"]
[Result "1-0"]
[WhiteElo "1742"]
[BlackElo "1540"]
[PlyCount "111"]
[EventDate "2018.11.18"]
[WhiteTeam "Check Innmates 3"]
[BlackTeam "Barnet Knights 3"]

1. e4 c6 2. d4 d5 3. e5 Bf5 4. g4 Bg6 5. h4 h5 6. e6 fxe6 7. Bd3 Bxd3 8. Qxd3
Qd7 9. Nf3 e5 10. Qg6+ Kd8 11. Nxe5 Qc7 12. Nf7+ Kc8 13. Nxh8 Nf6 14. g5 Ne4
15. Qe8+ Qd8 16. Qxd8+ Kxd8 17. Ng6 Ke8 18. Bf4 Nd7 19. f3 Nd6 20. Bxd6 exd6
21. Nf4 Kf7 22. Nxh5 Re8+ 23. Kd2 Nb6 24. Na3 g6 25. Nf6 Re6 26. Rae1 Bg7 27.
Rxe6 Kxe6 28. Re1+ Kf5 29. c3 Bxf6 30. gxf6 Kxf6 31. Ke3 Kf5 32. Rg1 Nd7 33.
Rg5+ Kf6 34. Kf4 Nf8 35. Rg1 Ne6+ 36. Kg4 c5 37. dxc5 dxc5 38. Re1 a6 39. Rxe6+
Kxe6 40. Kg5 Kf7 41. Nc2 b5 42. f4 a5 43. f5 Ke7 44. fxg6 b4 45. h5 Ke6 46. h6
Ke5 47. h7 Ke4 48. h8=Q Kd3 49. cxb4 axb4 50. Nxb4+ cxb4 51. g7 d4 52. g8=Q Ke3
53. Qb3+ d3 54. Qh3+ Ke2 55. Qbxd3+ Kf2 56. Qhf1# 1-0

[Event "4NCL Division 4 South"]
[Site "Daventry, ENG"]
[Date "2018.11.18"]
[Round "2.153"]
[White "Ford, Conor"]
[Black "O'Byrne, Daniel"]
[Result "0-1"]
[WhiteElo "1532"]
[BlackElo "1742"]
[PlyCount "136"]
[EventDate "2018.11.18"]
[WhiteTeam "Barnet Knights 3"]
[BlackTeam "Check Innmates 3"]

1. d4 e6 2. e3 f5 3. Bd3 Nf6 4. Nd2 Be7 5. f4 O-O 6. c3 Qe8 7. Ngf3 b6 8. O-O
c5 9. Ne5 Bb7 10. Qe1 d6 11. Nef3 Qh5 12. h3 Kh8 13. b3 Ne4 14. Bxe4 fxe4 15.
Ng5 Bxg5 16. fxg5 Rxf1+ 17. Qxf1 Nd7 18. Bb2 Qxg5 19. Re1 Rf8 20. Qe2 Qg3 21.
Rf1 Rxf1+ 22. Nxf1 Qg5 23. Qf2 Nf6 24. Bc1 h6 25. Qg3 Qd5 26. Qe1 Qc6 27. Qd2
Nd5 28. Ng3 cxd4 29. cxd4 Nc3 30. Nh5 Nd5 31. Bb2 Qe8 32. Ng3 Qg6 33. Nf1 Qg5
34. Qf2 Ba6 35. Bc1 Kg8 36. Qg3 Qf5 37. Qf2 Nc3 38. Qxf5 exf5 39. Bd2 Nd5 40.
Kf2 Kf7 41. Ng3 g6 42. Ne2 Bxe2 43. Kxe2 h5 44. g3 g5 45. a3 Ke6 46. Kf2 Nc7
47. Bc1 b5 48. b4 Kd5 49. Ke2 Kc4 50. Kd2 Kb3 51. h4 g4 52. Kd1 Nd5 53. Bd2
Kxa3 54. Kc2 Nxb4+ 55. Bxb4+ Kxb4 56. Kb2 a5 57. Kc2 Kc4 58. Kd2 a4 59. Kc2 b4
60. Kb2 Kd3 61. Kc1 Kxe3 62. Kb2 Kxd4 63. Kc2 e3 64. Kb2 Kd3 65. Ka2 b3+ 66.
Kb2 a3+ 67. Kc1 e2 68. Kb1 e1=Q# 0-1

[Event "4NCL Division 4 South"]
[Site "Daventry, ENG"]
[Date "2018.11.18"]
[Round "2.154"]
[White "Cook, Brian"]
[Black "Carter, Gavin"]
[Result "1-0"]
[WhiteElo "1628"]
[BlackElo "1541"]
[PlyCount "141"]
[EventDate "2018.11.18"]
[WhiteTeam "Check Innmates 3"]
[BlackTeam "Barnet Knights 3"]

1. Nc3 Nf6 2. Nf3 Nc6 3. g3 b6 4. Bg2 Bb7 5. d4 d5 6. O-O g6 7. a3 Bg7 8. Bf4
a6 9. Re1 Ne4 10. Qd3 Na5 11. Nd2 Nf6 12. e4 O-O 13. e5 Nh5 14. Bg5 f6 15. exf6
exf6 16. Be3 f5 17. b4 f4 18. Bxf4 Nxf4 19. gxf4 Nc4 20. Nxc4 dxc4 21. Qxc4+
Kh8 22. Bxb7 Ra7 23. Qd5 Qxd5 24. Bxd5 Bxd4 25. Ne2 Bxa1 26. Rxa1 Rf6 27. Bc4
a5 28. b5 c6 29. Rd1 cxb5 30. Bxb5 Rc7 31. Rd8+ Kg7 32. Bd3 Kh6 33. Kg2 Re7 34.
Kg3 Rfe6 35. Kf3 Rf6 36. Rd5 Rc7 37. Re5 Rc8 38. Kg4 Rc5 39. f3 Rc8 40. h4 Rg8
41. h5 gxh5+ 42. Kh4 Rg2 43. Rxh5+ Kg7 44. Rxh7+ Kg8 45. Rh5 Rh2+ 46. Kg5 Rxh5+
47. Kxh5 Kg7 48. f5 Rh6+ 49. Kg5 Rh1 50. f6+ Kf7 51. Nc3 Re1 52. f4 Rg1+ 53.
Kf5 Rh1 54. Bc4+ Kf8 55. a4 Rh2 56. Bb3 Rh5+ 57. Kg6 Rc5 58. Ne4 Rc8 59. Ng5
Rc3 60. Nh7+ Ke8 61. f7+ Kd7 62. f8=Q Rg3+ 63. Ng5 Rc3 64. Qf5+ Ke8 65. Qe5+
Kd7 66. Qxc3 Kd6 67. Nf7+ Kd7 68. Qd4+ Kc6 69. Qd6+ Kb7 70. Nd8+ Ka7 71. Qc7+
1-0

[Event "4NCL Division 4 South"]
[Site "Daventry, ENG"]
[Date "2018.11.18"]
[Round "2.155"]
[White "Carter, Rebecca"]
[Black "Usharovsky, Tom"]
[Result "1/2-1/2"]
[WhiteElo "1412"]
[BlackElo "1630"]
[PlyCount "115"]
[EventDate "2018.11.18"]
[WhiteTeam "Barnet Knights 3"]
[BlackTeam "Check Innmates 3"]

1. c4 e5 2. Nc3 Nf6 3. Nf3 Nc6 4. g3 Bc5 5. Bg2 O-O 6. O-O d6 7. a3 a5 8. d3 h6
9. Bd2 Ne7 10. Qc2 Bd7 11. Nb5 c6 12. Nc3 Ng6 13. Na4 Ba7 14. b4 b5 15. Nb2 a4
16. Qc1 Rc8 17. Be3 Bxe3 18. Qxe3 Qe7 19. Rac1 d5 20. c5 Qe6 21. Qd2 Nh7 22.
Nd1 f5 23. e3 Rce8 24. Re1 Nf6 25. Qc3 Nh8 26. Kh1 g5 27. d4 Ng6 28. dxe5 Ng4
29. Nd4 Qxe5 30. h3 Nf6 31. Nb2 Ne4 32. Bxe4 fxe4 33. Rf1 Bxh3 34. Rg1 Rxf2 35.
Rc2 Ref8 36. Rxf2 Rxf2 37. Nd1 Rf1 38. Rxf1 Bxf1 39. Qe1 Bc4 40. Nxc6 Qe6 41.
Nd4 Qh3+ 42. Kg1 Ne5 43. Qf2 Bb3 44. Nc3 Bc4 45. Qg2 Qg4 46. Qf2 Nf3+ 47. Nxf3
exf3 48. Nb1 Be2 49. Nd2 h5 50. Kh2 Kf7 51. Nb1 Qe4 52. Nc3 Qc4 53. Nxe2 Qxe2
54. Kg1 Qd1+ 55. Qf1 Qxf1+ 56. Kxf1 Ke6 57. Kf2 g4 58. Kf1 1/2-1/2

[Event "4NCL Division 4 South"]
[Site "Daventry, ENG"]
[Date "2018.11.18"]
[Round "2.156"]
[White "Headlong, Georgia"]
[Black "Willmoth, Kate"]
[Result "1-0"]
[WhiteElo "1585"]
[BlackElo "1390"]
[PlyCount "87"]
[EventDate "2018.11.18"]
[WhiteTeam "Check Innmates 3"]
[BlackTeam "Barnet Knights 3"]

1. e4 e5 2. Nf3 Nc6 3. Nc3 Nf6 4. Bb5 d6 5. d4 a6 6. Bxc6+ bxc6 7. dxe5 dxe5 8.
Qxd8+ Kxd8 9. Nxe5 Be6 10. Nxc6+ Ke8 11. Bf4 Rc8 12. O-O-O Bc5 13. f3 Kf8 14.
Rd8+ Rxd8 15. Nxd8 Bb6 16. Nxe6+ fxe6 17. Na4 Ba5 18. Nc5 Ke7 19. Nxa6 Rc8 20.
Nc5 Bb6 21. Nb3 Nd7 22. Rd1 Nc5 23. Nxc5 Bxc5 24. Be5 g6 25. Bd4 Bd6 26. e5 Bb4
27. a3 Ba5 28. b4 Bb6 29. Bxb6 cxb6 30. Rd6 Rb8 31. Kb2 b5 32. Kb3 Rb7 33. c4
h6 34. c5 Rc7 35. c6 g5 36. Rd7+ Rxd7 37. cxd7 Kxd7 38. a4 Kc6 39. axb5+ Kxb5
40. Kc3 Kc6 41. Kc4 Kb6 42. b5 Kc7 43. Kc5 Kb7 44. Kd6 1-0

[Event "4NCL Division 4 South"]
[Site "Daventry, ENG"]
[Date "2018.11.18"]
[Round "2.161"]
[White "Lightfoot, Malcolm J"]
[Black "Sanfey, Peter"]
[Result "1-0"]
[WhiteElo "1860"]
[BlackElo "1450"]
[PlyCount "55"]
[EventDate "2018.11.18"]
[WhiteTeam "Iceni 3"]
[BlackTeam "Barnet Knights 4"]

1. e4 e6 2. d4 Nf6 3. e5 Ng8 4. f4 d5 5. Bd3 c5 6. c3 Nc6 7. Nf3 Nge7 8. dxc5
d4 9. a3 g6 10. Be4 f5 11. exf6 Nf5 12. Bxf5 exf5 13. Qe2+ Kf7 14. Ne5+ Nxe5
15. Qxe5 dxc3 16. Nxc3 Qxf6 17. Qxf6+ Kxf6 18. Be3 Be6 19. Bd4+ Kf7 20. Bxh8
Bxc5 21. Be5 Bc4 22. O-O-O Re8 23. Kb1 b5 24. Rd7+ Ke6 25. Rhd1 b4 26. axb4
Bxb4 27. Rc7 Bxc3 28. Rd6# 1-0

[Event "4NCL Division 4 South"]
[Site "Daventry, ENG"]
[Date "2018.11.18"]
[Round "2.162"]
[White "Wolstenholme, Scarlet"]
[Black "Jones, Robert L"]
[Result "0-1"]
[WhiteElo "1292"]
[BlackElo "1822"]
[PlyCount "86"]
[EventDate "2018.11.18"]
[WhiteTeam "Barnet Knights 4"]
[BlackTeam "Iceni 3"]

1. d4 e6 2. c4 b6 3. Nf3 Bb7 4. g3 f5 5. Bg2 Bb4+ 6. Bd2 Bxd2+ 7. Nbxd2 Nf6 8.
O-O O-O 9. Qc2 a5 10. h4 Na6 11. d5 Nb4 12. Qb1 exd5 13. a3 Na6 14. Bh3 Ne4 15.
Nxe4 fxe4 16. Ng5 Qe7 17. cxd5 Bxd5 18. Rd1 Bc6 19. Qc2 h6 20. Nxe4 Qxe4 21.
Qxe4 Bxe4 22. Rxd7 Bc6 23. Be6+ Kh8 24. Rf7 Rxf7 25. Bxf7 Rd8 26. Bg6 Be8 27.
Bxe8 Rxe8 28. e3 Rd8 29. Kg2 Rd2 30. Rb1 Nc5 31. b4 axb4 32. Kh3 bxa3 33. Ra1
a2 34. f4 Nb3 35. Rxa2 Rxa2 36. Kg4 c5 37. h5 c4 38. Kf5 c3 39. Kg6 c2 40. g4
c1=Q 41. g5 Qc6+ 42. Kf7 Ra7+ 43. Kf8 Qc8# 0-1

[Event "4NCL Division 4 South"]
[Site "Daventry, ENG"]
[Date "2018.11.18"]
[Round "2.163"]
[White "John, Adam"]
[Black "Karpe, Reya"]
[Result "1-0"]
[WhiteElo "1653"]
[BlackElo "1255"]
[PlyCount "77"]
[EventDate "2018.11.18"]
[WhiteTeam "Iceni 3"]
[BlackTeam "Barnet Knights 4"]

1. e4 d5 2. exd5 Nf6 3. Nc3 Nxd5 4. Bc4 Nb6 5. Bb3 c5 6. d3 Nc6 7. Nge2 Bf5 8.
Ng3 Bg6 9. O-O e6 10. Nge4 Be7 11. Bf4 O-O 12. Qd2 Nd4 13. Rfe1 Rc8 14. Bc4 Bf5
15. h3 Bxh3 16. Qd1 Bf5 17. Nb5 Nc6 18. Nbd6 Bxd6 19. Nxd6 Ra8 20. Nxb7 Nc8 21.
Nxd8 Rxd8 22. Qf3 N8e7 23. c3 Na5 24. Bc7 Rf8 25. Bxa5 Kh8 26. b4 cxb4 27. Bxb4
Rg8 28. Bxe7 Rae8 29. Bd6 Bg6 30. Bb5 Rc8 31. c4 Rcd8 32. c5 Rc8 33. Bd7 Rcd8
34. c6 Ra8 35. c7 a5 36. Rab1 Ra6 37. Rb8 Rxd6 38. Rxg8+ Kxg8 39. Qa8# 1-0

[Event "4NCL Division 4 South"]
[Site "Daventry, ENG"]
[Date "2018.11.18"]
[Round "2.164"]
[White "Sheng, Benjamin"]
[Black "Rowles, Sarah"]
[Result "1-0"]
[WhiteElo "1240"]
[BlackElo "1507"]
[PlyCount "103"]
[EventDate "2018.11.18"]
[WhiteTeam "Barnet Knights 4"]
[BlackTeam "Iceni 3"]

1. d4 g6 2. c4 Bg7 3. Nf3 d6 4. g3 Nf6 5. Bg2 Nbd7 6. O-O O-O 7. Nc3 c5 8. d5
Nb6 9. b3 e6 10. Bg5 h6 11. Bh4 Qe8 12. Bxf6 Bxf6 13. Qd2 Kg7 14. e4 exd5 15.
exd5 Bg4 16. Rac1 Bxf3 17. Rce1 Qd7 18. Bxf3 Rae8 19. Ne4 Be5 20. Nxc5 dxc5 21.
Qa5 Qd6 22. Qxa7 Ra8 23. Qxb7 Rfb8 24. Qc6 Qxc6 25. dxc6 Bc7 26. Re7 Bd6 27. c7
Bxe7 28. cxb8=Q Rxb8 29. a4 Nd7 30. Re1 Kf8 31. Bc6 Rd8 32. a5 Nb8 33. Bb5 Nd7
34. a6 Nb6 35. a7 Bf6 36. Re2 Bc3 37. Ra2 Bb4 38. Bc6 Na8 39. Re2 Rc8 40. Bd5
Rd8 41. Bc6 Rc8 42. Bd5 Rd8 43. Re3 Ba5 44. Rf3 f5 45. g4 Bb6 46. gxf5 Rxd5 47.
cxd5 Bxa7 48. fxg6+ Kg8 49. d6 Nb6 50. Rf7 c4 51. d7 Nxd7 52. Rxd7 1-0

[Event "4NCL Division 4 South"]
[Site "Daventry, ENG"]
[Date "2018.11.18"]
[Round "2.165"]
[White "John, Amy"]
[Black "Ibrahim, Amir"]
[Result "1-0"]
[WhiteElo "1435"]
[BlackElo "1150"]
[PlyCount "119"]
[EventDate "2018.11.18"]
[WhiteTeam "Iceni 3"]
[BlackTeam "Barnet Knights 4"]

1. e4 e5 2. Nf3 Nc6 3. Nc3 Nf6 4. Bc4 Bc5 5. O-O Nd4 6. Nxe5 O-O 7. d3 d6 8.
Nxf7 Rxf7 9. Bxf7+ Kxf7 10. Bg5 h6 11. Bxf6 Qxf6 12. Nd5 Qg6 13. Nf4 Qg5 14.
Nh5 Bh3 15. Ng3 Bg4 16. f3 Be6 17. Kh1 Qh4 18. c3 Nc6 19. d4 Ne7 20. dxc5 dxc5
21. f4 Bc4 22. Ne2 Ng8 23. b3 Bxe2 24. Qxe2 Nf6 25. Qc4+ Kg6 26. Qe6 Re8 27.
Qf5+ Kf7 28. e5 Re6 29. exf6 Rxf6 30. Qd5+ Kf8 31. Qxc5+ Kg8 32. Qf2 Qg4 33.
Qf3 Qh4 34. Qh3 Qxh3 35. gxh3 Rg6 36. f5 Rg5 37. f6 gxf6 38. Rg1 Rxg1+ 39.
Rxg1+ Kf7 40. Kg2 f5 41. Kf3 Kf6 42. Kf4 h5 43. Rg5 h4 44. Rxf5+ Ke6 45. Rh5 c5
46. Rxc5 b6 47. Rh5 a5 48. Rxh4 b5 49. Rh5 b4 50. cxb4 axb4 51. h4 Kf6 52. Rg5
Ke6 53. h5 Kf7 54. h6 Ke6 55. h7 Kf7 56. h8=Q Ke6 57. Qe5+ Kf7 58. Rf5+ Kg8 59.
Qe7 Kh8 60. Rf8# 1-0

[Event "4NCL Division 4 South"]
[Site "Daventry, ENG"]
[Date "2018.11.18"]
[Round "2.201"]
[White "Staples, Neil"]
[Black "Krawczuk, Michael J"]
[Result "0-1"]
[WhiteElo "1863"]
[BlackElo "1820"]
[PlyCount "90"]
[EventDate "2018.11.18"]
[WhiteTeam "Oxford 4"]
[BlackTeam "Wessex C"]

1. c4 e5 2. g3 g6 3. Bg2 Bg7 4. Nc3 Ne7 5. e4 O-O 6. Nge2 Nbc6 7. d3 d6 8. O-O
Bg4 9. f3 Be6 10. Nd5 h6 11. a3 Kh7 12. b4 a6 13. Rb1 f5 14. a4 Bxd5 15. cxd5
Nb8 16. f4 Nd7 17. fxe5 dxe5 18. d4 fxe4 19. dxe5 Rxf1+ 20. Qxf1 Nxe5 21. Nf4
Qd6 22. Bxe4 Rf8 23. Qe2 Rf7 24. Be3 Nd7 25. Rc1 Nf6 26. Bg2 $11 Nexd5 27. Nxd5
Nxd5 28. Bc5 $11 Qd7 29. Be4 Nc3 30. Qd3 Nxe4 31. Qxe4 b6 32. Bf2 Qxa4 33. Qc4
Qd7 34. Re1 Qf5 35. Bd4 Qf3 36. Be3 Re7 37. Bf2 Rf7 38. Be3 Rd7 39. Qe6 Rd1 40.
Rxd1 Qxd1+ 41. Kg2 Qc2+ 42. Kg1 Qb1+ 43. Kg2 Qxb4 44. Qf7 Qe4+ 45. Kf2 Qf5+ 0-1

[Event "4NCL Division 4 South"]
[Site "Daventry, ENG"]
[Date "2018.11.18"]
[Round "2.204"]
[White "Coburn, Joseph A"]
[Black "Neatherway, A Philip"]
[Result "1/2-1/2"]
[WhiteElo "1768"]
[BlackElo "1813"]
[PlyCount "40"]
[EventDate "2018.11.18"]
[WhiteTeam "Wessex C"]
[BlackTeam "Oxford 4"]

1. d4 Nf6 2. c4 g6 3. Nc3 d5 4. e3 Bg7 5. Be2 O-O 6. Nf3 c5 7. O-O Nc6 8. dxc5
dxc4 9. Bxc4 Qa5 10. Bb5 a6 11. Bxc6 bxc6 12. Na4 Rd8 13. Bd2 Qc7 14. Nb6 Rb8
15. Qc1 Bg4 16. Bc3 Bxf3 17. gxf3 Nd5 18. Bxg7 Kxg7 19. Nxd5 Rxd5 20. e4 Rh5
1/2-1/2

[Event "4NCL Division 4 South"]
[Site "Daventry, ENG"]
[Date "2018.11.18"]
[Round "2.207"]
[White "Burcham, Tony"]
[Black "Priest, Christopher PA"]
[Result "1/2-1/2"]
[WhiteElo "1644"]
[BlackElo "1690"]
[PlyCount "65"]
[EventDate "2018.11.18"]
[WhiteTeam "Oxford 4"]
[BlackTeam "Wessex C"]

1. c4 c5 2. g3 Nc6 3. Bg2 g6 4. Nc3 Bg7 5. Nf3 e6 6. O-O Nge7 7. d3 O-O 8. a3
d5 9. cxd5 exd5 10. Rb1 Be6 11. Bg5 Qd7 12. Qd2 Nf5 13. e4 dxe4 14. dxe4 Qxd2
15. Nxd2 Nfd4 16. Nd5 Rac8 17. Nc4 b5 18. Nce3 f6 19. Bf4 Ne2+ 20. Kh1 Nxf4 21.
Nxf4 Bf7 22. Nfd5 Rfe8 23. Ng4 Re6 24. Bh3 Rd8 25. f3 Red6 26. Nge3 Nd4 27. b3
Kf8 28. Kg2 Ra6 29. Rfc1 Rxa3 30. Rxc5 a6 31. Rbc1 Ra2+ 32. Kh1 Nxf3 33. Bg2
1/2-1/2

[Event "4NCL Division 4 South"]
[Site "Daventry, ENG"]
[Date "2018.11.18"]
[Round "2.203"]
[White "Moore, Gillian A"]
[Black "Kesterson, Kennan"]
[Result "1/2-1/2"]
[WhiteElo "1814"]
[BlackElo "1810"]
[PlyCount "92"]
[EventDate "2018.11.18"]
[WhiteTeam "Wessex C"]
[BlackTeam "Barnet Knights 2"]

1. d4 Nf6 2. Bg5 g6 3. Bxf6 exf6 4. e3 Bg7 5. c4 d6 6. Nc3 O-O 7. Bd3 f5 8.
Nge2 Nd7 9. g3 Nf6 10. O-O c6 11. Nf4 d5 12. cxd5 g5 13. Nh5 Nxh5 14. Qxh5 cxd5
15. Rac1 h6 16. Qf3 Be6 17. Bxf5 Qd7 18. Bxe6 fxe6 19. Qe2 Rf7 20. Rc2 Rc8 21.
Rfc1 a6 22. Qd3 Rc7 23. Na4 Qd6 24. Rxc7 Rxc7 25. Rxc7 Qxc7 26. Qg6 Qf7 27.
Qxf7+ Kxf7 28. Nc5 e5 29. dxe5 Bxe5 30. b3 b6 31. Nd3 Bd6 32. g4 Ke6 33. Kg2 d4
34. h3 Kd5 35. Kf3 b5 36. e4+ Ke6 37. b4 Kf6 38. Ke2 Ke6 39. f3 Kf6 $11 40. Kd2
Ke6 41. Kc2 Kf6 42. Kb3 Ke6 43. a4 Kf6 44. axb5 axb5 45. Kc2 Ke6 46. Kd2 Kf6
1/2-1/2

[Event "4NCL Division 4 South"]
[Site "Daventry, ENG"]
[Date "2018.11.18"]
[Round "2.206"]
[White "Sanfey, Gregor"]
[Black "Smith, Steven J"]
[Result "0-1"]
[WhiteElo "1660"]
[BlackElo "1722"]
[PlyCount "142"]
[EventDate "2018.11.18"]
[WhiteTeam "Barnet Knights 2"]
[BlackTeam "Wessex C"]

1. e4 e6 2. d4 d5 3. exd5 exd5 4. Bd3 Nc6 5. c3 Bd6 6. Qc2 Nf6 7. h3 Bd7 8. Nf3
Qe7+ 9. Be3 O-O-O 10. Nbd2 h6 11. O-O-O g5 12. Rde1 Qf8 13. Bf5 Ne7 14. Bxd7+
Nxd7 15. Qa4 Kb8 16. Kb1 Nb6 17. Qc2 c6 18. Nf1 f5 19. Qc1 f4 20. Bd2 Qf5+ 21.
Qc2 Rhe8 22. N1h2 Qxc2+ 23. Kxc2 Nf5 24. Rxe8 Rxe8 25. Re1 Rxe1 26. Bxe1 Kc7
27. b3 Kd7 28. Kd3 Ke6 29. Bd2 Nd7 30. Be1 Nf6 31. Ng4 Nxg4 32. hxg4 Ng7 33.
Bd2 Ne8 34. Nh2 Nf6 35. f3 Bc7 36. Be1 b5 37. b4 Ne8 38. Kc2 Nd6 39. Kb3 Nc4
40. Bf2 Nd2+ 41. Kc2 Nc4 42. Kb3 Ne3 43. a3 Nxg2 44. Nf1 Kf6 45. Kc2 Nh4 46.
Bxh4 gxh4 47. Kd2 h3 48. Ke2 Kg6 49. Kf2 Bd8 50. Kg1 Bh4 51. Nd2 Be1 52. Nb1
Kg5 53. a4 bxa4 54. Kh2 Kh4 55. Na3 a6 56. Nb1 Bf2 57. Na3 Be3 58. Nc2 Bc1 59.
b5 axb5 60. Nb4 a3 61. Na2 Bd2 62. Kg1 Kg3 63. Kh1 Kxf3 64. Kh2 Kxg4 65. Nb4
Bxc3 66. Nxc6 a2 67. Ne5+ Kf5 68. Ng4 Kxg4 69. Kg1 a1=Q+ 70. Kh2 Qb2+ 71. Kh1
Qg2# 0-1

[Event "4NCL Division 4 South"]
[Site "Daventry, ENG"]
[Date "2018.11.18"]
[Round "2.209"]
[White "Deacon, Nicholas"]
[Black "Eedle, Eric F"]
[Result "0-1"]
[WhiteElo "1292"]
[BlackElo "1577"]
[PlyCount "66"]
[EventDate "2018.11.18"]
[WhiteTeam "Wessex C"]
[BlackTeam "Barnet Knights 2"]

1. d4 Nf6 2. c4 e5 3. dxe5 Ng4 4. Nc3 Nxe5 5. Bf4 Nbc6 6. e3 Bb4 7. Nge2 Nxc4
8. a3 Bd6 9. Ng3 Bxf4 10. exf4 Qe7+ 11. Be2 Nb6 12. O-O O-O 13. Qc2 Nd4 14. Nf5
Nxf5 15. Qxf5 d6 16. Qe4 Qxe4 17. Nxe4 Bf5 18. Ng3 Bd7 19. Rac1 Bc6 20. Nf5
Rfe8 21. Bg4 Re4 22. Bh3 g6 23. Nh6+ Kg7 24. Ng4 Rae8 25. g3 Re2 26. b3 f5 27.
Ne3 Re7 28. g4 fxg4 29. Bxg4 Rb2 30. f5 Rxb3 31. fxg6 hxg6 32. a4 Nd5 33. Ng2
Ra3 0-1